000 00698cam a22002531 4500
001 sa 68018697
003 DLC
005 20260227112714.0
008 940210q19601969xx 000 0 ind
010 _asa 68018697
025 _aPL480:Indo-3783
035 _a(OCoLC)29785151
040 _aDLC
_cCU
_dDLC
042 _apremarc
050 0 0 _aGV1141
_b.L52
100 1 _aLiem, Yoe Kiong.
245 1 0 _aTjaturhewan dalam ilmu silat.
260 _a[n.p.,
_c196-]
300 _a15 l.
_c34 cm.
490 1 _aHis Seri kitab-kitab ilmu silat jang bermutu,
_v9
500 _aCover title.
650 0 _aStick fighting.
800 1 _aLiem, Yoe Kiong.
_tSeri kitab-kitab ilmu silat jang bermutu,
_v9.
999 _c88592
_d88592